Statistiques concernant Les dictateurs célèbres

Cliquez ici pour prendre le quiz!

Statistiques générales

  • Ce quiz a été pris 212 fois
  • Le résultat moyen est 7 sur 16

Statistiques - réponses

Réponse% Correct
Adolf Hitler
96%
Joseph Staline
93%
Benito Mussolini
80%
Fidel Castro
75%
Kim Jong-un
74%
Saddam Hussein
60%
Francisco Franco
57%
Augusto Pinochet
42%
Pol Pot
38%
Josip Broz Tito
31%
Antonio de Oliveira Salazar
24%
Idi Amin Dada
22%
Mustafa Kemal Atatürk
20%
Mao Tsé Toung
13%
Nicolae Ceausescu
13%
Rouhollah Khomeyni
9%

Distribution des résultats

Percentile par nombre de réponses

% des personnes avec chaque résultat

Votre développement - résultats

Vous n’avez pas pris ce quiz